000 00719nam a2200205 a 4500
003 0
005 20250410094942.0
008 970101s19uu xx 00 eng d
050 _aPGS TX 351
_b.Us85 2004
100 _aUsis, Karla.
245 _aEffects of color on the sweetness of food /
_cKarla Usis.
260 _aLas PiƱas City, Philippines :
_bSouthville International School and Colleges,
_c2004.
300 _a29 pages :
_billustrations ;
_c28 cm.
504 _aIncludes bibliographical references.
650 _aFood
_vSensory evaluation.
650 _aFood
_vPsychological aspects.
650 _aFood preferences
_vGender differences.
650 _aSweetness
_vPsychological aspects.
942 _2lcc
_cPASS
999 _c97067
_d97067